Kluby Serie A 25/26. - Statystyki

Ogólne statystyki
  • Ten quiz został rozwiązany 112 razy
    28 od ostatniego zresetowania
  • Średni wynik to 14 z 20
Statystyki odpowiedzi
Klub % Poprawnych
AC Milan
100%
Inter
95%
Juventus
95%
Roma
95%
Napoli
90%
Lazio
81%
Fiorentina
76%
Atalanta
71%
Bologna
71%
Torino
71%
Pisa
67%
Como
62%
Parma
62%
Sassuolo
62%
Lecce
57%
Hellas Verona
52%
Udinese
52%
Genoa
43%
Cagliari
38%
Cremonense
10%
Nie znaleziono quizów pasujących do podanych kryteriów
Rozkład punktacji
Procent ludzi z każdym wynikiem
Percentyl według liczby udzielonych odpowiedzi
Twoja historia wyników
Nie rozwiązałeś tego quizu od ostatniego zresetowania